Statistics for Leaders of WWII

Click here to take the quiz!

General Stats

  • This quiz has been taken 51 times
  • The average score is 9 of 15

Answer Stats

CountryLeader% Correct
Nazi GermanyAdolf Hitler
100%
Soviet UnionJoseph Stalin
100%
United KingdomWinston Churchill
100%
Fascist ItalyBenito Mussolini
98%
USA (Start of war)Franklin Roosevelt
91%
JapanMichinomiya Hirohito
89%
USA (End of war)Harry Truman
83%
Communist China (First Name)Mao
83%
United Kingdom (Start of war)Neville Chamberlain
59%
Nationalist ChinaChiang Kai
48%
Vichy FrancePhilippe Petain
39%
BelgiumLeopold III
20%
BulgariaBoris III
11%
President of FranceAlbert Lebrun
9%
Romania (Until 1944)Ion Antonescu
9%

Score Distribution

Percentile by Number Answered

Percent of People with Each Score

Your Score History

You have not taken this quiz